Quatre variacions sobre la mort : La intrusa, els cecs, interior, la mort de Tintagiles / de Maurice Maeterlinck ; versió catalana de Jordi Coca La intrusa, els cecs, interior, la mort de Tintagiles / de Maurice Maeterlinck ; versió catalana de Jordi Coca
Descripción Física:
106 p. ; 18 cm
Colección:
Biblioteca teatral ; 27
Otros Autores:
Coca, Jordi, 1947-
MARC
| LEADER | 00000nam a2200000Ia 4500 | ||
|---|---|---|---|
| 001 | 2110 | ||
| 008 | 160829s1984 xx 000 0 cat d | ||
| 080 | |a L-1-216 | ||
| 100 | |a Maeterlinck, Maurice |9 35530 |e autor | ||
| 245 | |a Quatre variacions sobre la mort : |b La intrusa, els cecs, interior, la mort de Tintagiles / de Maurice Maeterlinck ; versió catalana de Jordi Coca | ||
| 260 | |a Barcelona : |b Institut del Teatre de la Diputació de Barcelona : |b Edicions del Mall, |c 1984 | ||
| 300 | |a 106 p. ; |c 18 cm | ||
| 490 | |a Biblioteca teatral ; 27 | ||
| 700 | |a Coca, Jordi, |d 1947- |e traductor |9 28798 | ||
| 710 | 1 | |a Institut del Teatre (Barcelona, Catalunya) |9 52662 | |
| 901 | |a Arxiu | ||
| 942 | |n 1 |2 udc | ||
| 952 | |0 0 |1 0 |4 0 |6 L1216 |7 1 |9 46944 |a Arxiu |b Arxiu |d 2016-12-01 |l 0 |o L-1-216 |p 2110 |r 2016-12-01 00:00:00 |w 2016-12-01 |y ARXIU | ||
| 999 | |c 50737 |d 50737 | ||